| 000 | 00805nam a2200205 a 4500 | ||
|---|---|---|---|
| 001 | BRCA_1427 | ||
| 005 | 20190320203426.0 | ||
| 008 | 980518s1998 sp-a---##b---#000-0#spa-# | ||
| 020 | _a8495020106 | ||
| 050 | 4 |
_aNK8862 _b.A48 1998 |
|
| 100 | 1 |
_aAguilar Criado, Encarnación _94671 |
|
| 245 | 1 | 0 |
_aLas bordadoras de Mantones de Manila de Sevilla _btrabajo y género en la producción doméstica _cEncarnación Aguilar Criado. |
| 260 |
_aSevilla _bÁrea de Cultura del Ayuntamiento de Sevilla, Secretariado de Publicaciones de la Universidad de Sevilla _c1998 |
||
| 300 |
_a204 p. _bil. (algunas a color) _c25 cm. |
||
| 504 | _aBibliografía: p. 177-182 | ||
| 650 | 1 | 4 |
_aIndustria del bordado _zEspaña _94672 |
| 650 | 1 | 4 |
_aChales y mantones _zEspaña _94673 |
| 650 | 1 | 4 |
_aTelas _zEspaña _94674 |
| 942 |
_2lcc _cB |
||
| 999 |
_c1289 _d1289 |
||